000 01035nam0a22002651 4500
001 v19\rc\1310101
005 20260405222117.0
035 _a(NLR Aleph) 005207538
090 _a5374335
_c5374335
100 _a20060512d1899 |||y0rusy50 ca
101 1 _arus
_cfre
102 _aRU
105 _ay z |||a|
200 1 _aКолыбель
_eКомедия в 3-х д.
_fСоч. М. Брие
_gПер. М.П. Садовского
210 _aМосква
_cлит. Моск. театральной б-ки С.Ф. Рассохина
_dценз. 1899
215 _a78 с.
_d23
309 _aНаписано от руки. Литогр.
700 1 _8rus
_7ca
_aБрие
_bЭ.
_f1858-1932
_gЭжен
_3RU\NLR\AUTH\77100368
_983294
702 1 _4730
_8rus
_7ca
_aСадовский
_bМ. П.
_f1847-1910
_gМихаил Провович
_3RU\NLR\AUTH\7797514
_980440
801 0 _aRU
_bNLR
_c20060512
_gpsbo
801 1 _aRU
_bProSoft-M
_c20060512
_2rusmarc
801 2 _aRU
_bNLR
_c20110819
_2rusmarc
852 _aNLR
_j20.60.4.239
942 _cBOOK
980 _aNB